Directory of higher education nursing courses.

Guardado en:
Detalles Bibliográficos
Nuevo Título:Your future in nursing.
Autores Corporativos: College of Nursing, Australia, Royal College of Nursing, Australia
Formato: Seriadas
Lenguaje:English
Publicado: Melbourne : College of Nursing, Australia, 1983- .
Materias:
LEADER 01537nas a2200385 a 4500
001 c000165992
003 CARM
005 20001123160050.0
008 840905d19842000vraar r 0 0eng d
019 1 |a 3338639  |5 LACONCORD2021 
022 |a 1322-8269  |z 0812-5856 
035 |a (OCoLC)214984370  |5 LACONCORD2021 
040 |a ANB  |b eng  |c ANB  |d NGAL  |d SUSA 
042 |a anuc 
043 |a u-at--- 
082 0 4 |a 610.73/07/1194  |2 19 
222 0 |a Directory of higher education nursing courses. 
245 0 0 |a Directory of higher education nursing courses. 
260 |a Melbourne :  |b College of Nursing, Australia,  |c 1983- . 
300 |a v. ;  |c 21-25 cm. 
362 0 |a 1984- 
362 1 |a Ceased with 2000. 
500 |a Title varies slightly: Directory of higher education nursing courses for, [1989]- . 
500 |a Issn 1322-8269 from 1995 issue. 
550 |a Issuing body changed name July 1989, Royal College of Nursing, Australia. 
650 0 |a Nursing  |x Study and teaching  |z Australia  |x Directories. 
650 0 |a Colleges of advanced education  |z Australia  |x Curricula  |x Directories. 
710 2 |a College of Nursing, Australia. 
710 1 |a Royal College of Nursing, Australia. 
785 0 0 |t Your future in nursing. 
852 8 |b CARM  |h A2:AJ11B0  |i B04767  |p 0209461  |f SE 
866 0 |a 1996-2000 Inc. 
866 0 |a 1996-2000 Inc. 
999 f f |i 3dbd2b8f-ee4d-5b57-8917-42473868aba9  |s 2ea9278c-71c7-57aa-b9f4-c9aa559b2839 
952 f f |p Can circulate  |a CAVAL  |b CAVAL  |c CAVAL  |d CARM 1 Store  |e B04767  |f A2:AJ11B0  |h Other scheme  |i book  |k 1996,2000  |m 0209461